Normal view MARC view
  • Fröbel, Folker

Entry Personal Name

Number of records used in: 1

001 - CONTROL NUMBER

  • control field: 129598

003 - CONTROL NUMBER IDENTIFIER

  • control field: TR-AnTOB

005 - DATE AND TIME OF LATEST TRANSACTION

  • control field: 20210316171521.0

008 - FIXED-LENGTH DATA ELEMENTS

  • fixed length control field: 210316n|eazannaab| |n aaa d

040 ## - CATALOGING SOURCE

  • Original cataloging agency: TR-AnTOB

100 1# - HEADING--PERSONAL NAME

  • Personal name: Fröbel, Folker
Devinim Yazılım Eğitim Danışmanlık tarafından Koha'nın orjinal sürümü uyarlanarak geliştirilip kurulmuştur.